000 00302nam a22001337a 4500
008 240805b |||||||| |||| 00| 0 eng d
020 _a9788119868131
100 _aA. Singh
245 _aCompany Law 17th Edn.
250 _a17th
260 _aLucknow
_bEBC
_c2024
300 _a794
942 _2ddc
_cBK
999 _c20769
_d20769